Normal view MARC view

Entry Nombre personal

Number of records used in: 1

001 - NÚMERO DE CONTROL

  • campo de control: 963

003 - IDENTIFICADOR DE NÚMERO DE CONTROL

  • campo de control: DLC

005 - FECHA Y HORA DE LA ÚLTIMA TRANSACCIÓN

  • campo de control: 20260325094255.0

008 - ELEMENTOS DE DATO DE LONGITUD-FIJA

  • campo de control de longitud fija: 810731n| azannaabn |b aaa

010 ## - NÚMERO DE CONTROL DE LA BIBLIOTECA DEL CONGRESO

  • Número de control de LC: n 81057316

024 8# - IDENTIFICADOR DE OTROS ESTÁNDARES

  • URI de un objeto del mundo real: http://viaf.org/viaf/95177323

035 ## - NÚMERO DE CONTROL DEL SISTEMA

  • Número de control de sistema: (OCoLC)oca00602789

040 ## - FUENTE DE CATALOGACIÓN

  • Centro catalogador/agencia de origen: DLC
  • Lengua de catalogación: eng
  • Normas de descripción: rda
  • Centro/agencia transcriptor: DLC
  • Centro/agencia modificador: DLC
  • Centro/agencia modificador: OCoLC
  • Centro/agencia modificador: InU
  • Centro/agencia modificador: DLC
  • Centro/agencia modificador: NcD
  • Centro/agencia modificador: DLC

046 ## - FECHAS CON CODIFICACIÓN ESPECIAL

  • Fecha de nacimiento: 1942-05-06
  • Fuente del esquema de fecha: edtf

053 #0 - NÚMERO DE CLASIFICACIÓN LC

  • Número de clasificación–único número o número inicial del rango: PQ8098.14.O7
  • Término explicativo: Spanish

053 #0 - NÚMERO DE CLASIFICACIÓN LC

  • Número de clasificación–único número o número inicial del rango: PR9309.9.D67
  • Término explicativo: English

100 1# - ENCABEZAMIENTO-NOMBRE DE PERSONA

  • Nombre de persona: Dorfman, Ariel

370 ## - LUGAR ASOCIADO

  • Lugar de nacimiento: Buenos Aires (Argentina)
  • Fuente del término: naf

373 ## - GRUPO ASOCIADO

  • Grupo asociado: Duke University
  • Fuente del término: naf

377 ## - IDIOMA ASOCIADO

  • Código del idioma: spa

400 1# - TRAZADO DE VÉASE--NOMBRE DE PERSONA

  • Nombre de persona: דורפמן, אריאל

400 1# - TRAZADO DE VÉASE--NOMBRE DE PERSONA

  • Nombre de persona: Dorfman, Vladimiro Ariel

670 ## - FUENTE DE DATOS ENCONTRADOS

  • Cita de la fuente: Author's El absurdo entre cuatro paredes, c1968.

670 ## - FUENTE DE DATOS ENCONTRADOS

  • Cita de la fuente: His Widows, 1983:
  • Información encontrada: CIP t.p. (Ariel Dorfman) pub. info. (b. 1942)

670 ## - FUENTE DE DATOS ENCONTRADOS

  • Cita de la fuente: Tinta sangre del corazón, 1996:
  • Información encontrada: p. 30-31 (Ariel Dorfman ... chileno de origen argentino; vivia en Estados Unidos desde 1980; autor de novelas [y] autor teatral)

670 ## - FUENTE DE DATOS ENCONTRADOS

  • Cita de la fuente: Duke Univ. Web site [June 23, 2000], May 4, 2001
  • Información encontrada: (Ariel Dorfman; Walter Hines Page Research Professor of Literature and Latin American Studies; Licenciatura in Comparative Literature from the Universidad de Chile, Santiago, 1965; taught at the Universidad de Chile, the Sorbonne (Paris IV) and the University of Amsterdam)

670 ## - FUENTE DE DATOS ENCONTRADOS

  • Cita de la fuente: His Para leer al pato Donald, 1972:
  • Información encontrada: title page (Ariel Dorfman)

670 ## - FUENTE DE DATOS ENCONTRADOS

  • Cita de la fuente: Wikipedia, Dec. 23, 2020
  • Información encontrada: (Ariel Dorfman; Vladimiro Ariel Dorfman; Argentine-Chilean-American novelist, playwright, essayist, academic, and human rights activist; b. May 6, 1942 in Buenos Aires; professor of literature and Latin American studies at Duke Univ. since 1985; US citizen since 2004)